<?xml version="1.0" encoding="UTF-8"?>
<collection xmlns="http://www.loc.gov/MARC21/slim">
 <record>
  <leader>00795cam a2200193 7i4500</leader>
  <controlfield tag="001">0000061677</controlfield>
  <controlfield tag="005">20080506090000.0</controlfield>
  <controlfield tag="008">080504s2007    my a          0     may   </controlfield>
  <datafield tag="020" ind1="#" ind2="0">
   <subfield code="a">9789833663101 </subfield>
  </datafield>
  <datafield tag="090" ind1="0" ind2="0">
   <subfield code="a">LB 2341.8 .M3 </subfield>
   <subfield code="b">P4 2007</subfield>
  </datafield>
  <datafield tag="245" ind1="0" ind2="0">
   <subfield code="a">Pelan strategik pengajian tinggi negara : </subfield>
   <subfield code="b">peletakan asas melangkaui 2020.</subfield>
  </datafield>
  <datafield tag="246" ind1="0" ind2="1">
   <subfield code="a">National higher education strategic plan: </subfield>
   <subfield code="b">laying the foundation beyond 2020..</subfield>
  </datafield>
  <datafield tag="260" ind1="#" ind2="#">
   <subfield code="a">Putrajaya: </subfield>
   <subfield code="b">Kementerian Pengajian Tinggi Malaysia, </subfield>
   <subfield code="c">2007.</subfield>
  </datafield>
  <datafield tag="300" ind1="#" ind2="#">
   <subfield code="a">168p.: </subfield>
   <subfield code="b">ill.; </subfield>
   <subfield code="c">25 cm.</subfield>
  </datafield>
  <datafield tag="650" ind1="0" ind2="0">
   <subfield code="a">Continuing education -- </subfield>
   <subfield code="z">Malaysia </subfield>
  </datafield>
  <datafield tag="650" ind1="0" ind2="0">
   <subfield code="a">Strategic planning -- </subfield>
   <subfield code="z">Malaysia </subfield>
  </datafield>
  <datafield tag="650" ind1="0" ind2="0">
   <subfield code="a">Education, Higher -- </subfield>
   <subfield code="x">Administration -- </subfield>
   <subfield code="z">Malaysia </subfield>
  </datafield>
  <datafield tag="710" ind1="1" ind2="1">
   <subfield code="a">Kementerian Pengajian Tinggi Malaysia </subfield>
  </datafield>
  <datafield tag="999" ind1=" " ind2=" ">
   <subfield code="a">1100052242</subfield>
   <subfield code="b">Book</subfield>
   <subfield code="c">Open Shelf</subfield>
   <subfield code="e">KOLEKSI TERBUKA</subfield>
  </datafield>
 </record>
</collection>
